00779nam a2200229Ia 4500999001500000020001800015082001800033245004700051260002800098300001300126440005500139504001900194650002800213650003100241650002600272650002600298700002200324700002000346700001500366942000700381952016100388 c4328d4328 a0-415-20660-X a305.4095 GEN- 0aGender politics in the Asia-Pacific region aLondonbRoutledgec2002 axii, 232 aRoutledge international studies of women and place aincludes index aWomen in politicszAsia aWomen in agriculturezAsia aWomenvIdentityzAsia aWomen employeeszAsia aYeoh, Brenda S.A. aHuang, Shirlena aTeo, Peggy cBK 00104070aNASSDOCbNASSDOCd2005-09-13eGifted by : North-East Gender and Minorii2005-07-15l0o305.4095 GEN-p40944r2019-04-18 00:00:00w2019-04-18yBK